000 00911nam a2200289 i 4500
003 DO-SdBNP
005 20240702080159.0
006 a||||er|||| 00| 0
007 ta
008 240701t2002 ny ||||| |||| 00| f spa d
020 _a067101420X
040 _aDO-SdBNP
_bspa
_cBNPHU
_erda
082 4 _222
_bD491f
100 1 _aDeveraux, Jude,
_911604
245 1 0 _aForever /
_cJude Deveraux
264 4 _aNew York :
_bPocket Books,
_c©2002
300 _a359 (16) páginas ;
_c17 cm.
336 _2rdacontent
_atexto
_btxt
337 _2rdamedia
_asin mediación
_bn
338 _2rdacarrier
_avolumen
_bnc
500 _aIncluye datos biográficos de la autora en la solapa de la contracubierta.
500 _aUna novela del bien y del mal, amor y esperanza.
590 _aInventariado 2024 / MF
650 4 _aLiteratura estadounidense
_99904
650 4 _a Novela estadounidense
_910659
942 _2ddc
_cLBS1
999 _c57103
_d57103